| 000 | 00823nam a22001337a 4500 | ||
|---|---|---|---|
| 040 | _cRUA | ||
| 082 | _aAVM KY 2009 B088 Or.1 | ||
| 100 | _aKY MON RA | ||
| 245 | _aStudy on level cassava-by product as feed concentration on growth performance of quail at royal university of agriculture, (ការសិក្សាលើកាកដំឡូងមីជាសមាសធាតុចំណីផ្សំលើការលូតលាស់សត្វក្រួចនៅក្នុងស្ថានីយ៍ពិសោធន៍សត្វ នៃសាកលវិទ្យាល័យភូមិន្ទកសិកម្ម) | ||
| 260 |
_aphnom penh _brua _c2009 |
||
| 300 |
_ax, 47p. _bill. _c29cm. |
||
| 856 | _uhttps://drive.google.com/file/d/1xS1AwLyfKf7zkMGcM3xti827NgsaWoH_/view?usp=sharing | ||
| 942 | _cAVM | ||
| 999 |
_c2327 _d2327 |
||